La verdad de la señorita Harriet
Збережено в:
| Автор: | |
|---|---|
| Формат: | Книга |
| Мова: | Іспанська |
| Опубліковано: |
Barcelona
Random House Mondadori
2013
|
| Редагування: | 1a. ed |
| Серія: | Narrativa
|
| Предмети: | |
| Теги: |
Додати тег
Немає тегів, Будьте першим, хто поставить тег для цього запису!
|
MARC
| LEADER | 00000cam a2200000 a 4500 | ||
|---|---|---|---|
| 001 | UCE9320 | ||
| 003 | CL-VaPUC | ||
| 008 | 151016e20130000sp |||||||||||||||||spa|d | ||
| 020 | |a 9788426421340 | ||
| 082 | 0 | 4 | |a 823 |b HAR |2 21 |
| 100 | 0 | |a Harris, Jane |e author |9 582139 | |
| 245 | 1 | 3 | |a La verdad de la señorita Harriet |
| 250 | |a 1a. ed | ||
| 300 | |a 620 p | ||
| 942 | |c BK | ||
| 945 | |d 20151016 11:50:00 |a dcastane | ||
| 260 | |a Barcelona |b Random House Mondadori |c 2013 | ||
| 650 | 0 | |a Novelas inglesas |9 265220 | |
| 650 | 0 | |a Literatura inglesa |9 312907 | |
| 583 | |a last modification |c 20151016 11:50:00 |k Rodrigo Vera | ||
| 490 | 0 | |a Narrativa | |
| 999 | |c 360989 |d 360987 | ||